000 00892nam a2200265 i 4500
001 bg
100 1 _aPRZESTALSKI, Stanisław
245 1 0 _aElementy fizyki, biofizyki i agrofizyki /
_cStanisław Przestalski.
260 _aWrocław :
_bWydawnictwo Uniwersytetu Wrocławskiego,
_c2001.
300 _a576, [1] s. :
_brys., wykr. ;
_c24 cm.
504 _aBibliogr. - Indeks.
521 _aDla studentów kierunków przyrodniczych na uniwersytetach i akademiach rolniczych.
650 9 _aFizyka
650 9 _aBiofizyka
650 9 _aAgrofizyka
655 _aPodręczniki akademickie
020 _a8322921276
040 _cBPK
041 0 _apol
080 _a53:577.3:631](075.8)
920 _a83-229-2127-6
942 _cKS
008 s pl f |000 0 pol
999 _c52153
_d52153
856 _uhttp://koha.tu.koszalin.pl/cgi-bin/koha/opac-detail.pl?biblionumber=52153
_yKatalog online BPK